Product Design and Development: (Record no. 183686)

MARC details
000 -LEADER
fixed length control field 00715nam a22002177a 4500
005 - DATE AND TIME OF LATEST TRANSACTION
control field 20211231112532.0
010 ## - LCCN (DPL NO)
LC control number ENG-130834
020 ## - INTERNATIONAL STANDARD BOOK NUMBER
International Standard Book Number 978-93-90113-23-1
Terms of availability 825.00
035 ## - SYSTEM CONTROL NUMBER
System control number EN-114366
037 ## - SOURCE OF ACQUISITION
Source of stock number/acquisition DBAD
082 ## - DEWEY DECIMAL CLASSIFICATION NUMBER
Classification number 658.5752
100 ## - MAIN ENTRY--PERSONAL NAME
Personal name Ulrich, Karl T.
245 ## - TITLE STATEMENT
Title Product Design and Development:
Statement of responsibility, etc Karl T. Ulrich, Steven D. Eppinger, Maria C. Yang
250 ## - EDITION STATEMENT
Edition statement Seventh Edition
260 ## - PUBLICATION, DISTRIBUTION, ETC. (IMPRINT)
Place of publication, distribution, etc Chennai
Name of publisher, distributor, etc McGraw Hill Education Private Limited
Date of publication, distribution, etc 2017
270 ## - ADDRESS
Address 444/1, Sri Ekambara Naicker Industrial Estate, Alapakkam, Porur
City Chennai
Postal code 600116
300 ## - PHYSICAL DESCRIPTION
Extent 444p
Dimensions 24cm(pbk)
700 ## - ADDED ENTRY--PERSONAL NAME
Personal name Eppinger, Steven D.
700 ## - ADDED ENTRY--PERSONAL NAME
Personal name Yang, Maria C.
942 ## - ADDED ENTRY ELEMENTS (KOHA)
Source of classification or shelving scheme Dewey Decimal Classification
Item type English Books
Classification part 658.5752
Call number suffix ULR
Holdings
Withdrawn status Lost status Not for loan Collection code Home library Current library Date acquired Source of acquisition Cost, normal purchase price Full call number Barcode Copy number Cost, replacement price Koha item type
      Non-fiction Patel Nagar Patel Nagar 31/12/2021 DBAD/PUB 825.00 658.5752 ULR EN-114366 1 825.00 English Books

© Delhi Public Library
Hit Counter
free hit counter